The project office : a key to managing projects effectively (Record no. 101682)

MARC details
000 -LEADER
fixed length control field 01152cam a2200277 4500
008 - FIXED-LENGTH DATA ELEMENTS--GENERAL INFORMATION
fixed length control field 010928n2001 000 0 eng u
020 ## - INTERNATIONAL STANDARD BOOK NUMBER
International Standard Book Number 0852975899
035 ## - SYSTEM CONTROL NUMBER
System control number (Sirsi) u114908
050 ## - LIBRARY OF CONGRESS CALL NUMBER
Classification number 658.404
100 ## - MAIN ENTRY--PERSONAL NAME
Personal name Block, T.
245 #4 - TITLE STATEMENT
Title The project office : a key to managing projects effectively
260 ## - PUBLICATION, DISTRIBUTION, ETC.
Place of publication, distribution, etc. London
Name of publisher, distributor, etc. Financial World
Date of publication, distribution, etc. 2001
300 ## - PHYSICAL DESCRIPTION
Extent ix,86p.
Dimensions 22cm.
350 ## - PRICE (NR) (BK AM CF MU VM SE) [OBSOLETE]
Price 8.95
490 ## - SERIES STATEMENT
Series statement Financial World Management Library
520 ## - SUMMARY, ETC.
Summary, etc. Describes the evolution of the project office as a means of providing support to projects, standardising approaches to them, training project staff and ensuring that all parts of the organisation are utilised effectively. Includes chapters on: project management consulting and mentoring; developing standards; providing the organisation with project managers; virtual teams; and establishing a project office.
650 ## - SUBJECT ADDED ENTRY--TOPICAL TERM
Topical term or geographic name entry element CONSULTANCY
650 ## - SUBJECT ADDED ENTRY--TOPICAL TERM
Topical term or geographic name entry element MENTORING
650 ## - SUBJECT ADDED ENTRY--TOPICAL TERM
Topical term or geographic name entry element PROJECT MANAGERS
650 ## - SUBJECT ADDED ENTRY--TOPICAL TERM
Topical term or geographic name entry element PROJECT OFFICE
650 ## - SUBJECT ADDED ENTRY--TOPICAL TERM
Topical term or geographic name entry element CAREERS, EDUCATION AND TRAINING
650 ## - SUBJECT ADDED ENTRY--TOPICAL TERM
Topical term or geographic name entry element VIRTUAL TEAMS
690 ## - LOCAL SUBJECT ADDED ENTRY--TOPICAL TERM (OCLC, RLIN)
Topical term or geographic name as entry element Project management
9 (RLIN) 6261
700 ## - ADDED ENTRY--PERSONAL NAME
Personal name Frame, J.
942 ## - ADDED ENTRY ELEMENTS (KOHA)
Suppress in OPAC 0
Holdings
Withdrawn status Lost status Source of classification or shelving scheme Damaged status Not for loan Home library Current library Shelving location Date acquired Cost, normal purchase price Total Checkouts Full call number Barcode Date last seen Date last checked out Copy number Cost, replacement price Price effective from Koha item type
    Dewey Decimal Classification     London London Books 08/11/2001 8.95 5 658.404 BLO 30065045 06/08/2019 28/04/2009 1 8.95 06/08/2019 Book